|
|
|
|
| LEADER |
01255nam a2200325 a 4500 |
| 001 |
38842 |
| 003 |
BD-DhAAL |
| 008 |
220607t1994 ilu b 001 0deng d |
| 999 |
|
|
|c 44348
|d 44348
|
| 010 |
|
|
|a 93026174
|
| 020 |
|
|
|a 0226111032 (paper)
|
| 020 |
|
|
|a 0226111024 (cloth : alk. paper)
|
| 040 |
|
|
|a DLC
|c DLC
|d DLC
|d BD-DhAAL
|
| 050 |
0 |
0 |
|a HB34
|b .C54 1994
|
| 082 |
0 |
0 |
|a 330
|2 23
|
| 100 |
1 |
|
|a Coase, R. H.
|q (Ronald Harry)
|9 49090
|
| 245 |
0 |
0 |
|a Essays on economics and economists /
|c R.H. Coase.
|
| 260 |
|
|
|a Chicago :
|b University of Chicago Press,
|c c1994.
|
| 300 |
|
|
|a viii, 222 pages ;
|c 23 cm.
|
| 500 |
|
|
|a Includes 15 previously published papers and an original preface.
|
| 504 |
|
|
|a Includes bibliographical references and index.
|
| 541 |
|
|
|a Donated By Akbar Ali Khan
|e 38842
|
| 600 |
1 |
0 |
|a Marshall, Alfred,
|d 1842-1924.
|9 49091
|
| 650 |
|
0 |
|a Economics.
|9 49092
|
| 650 |
|
0 |
|a Economic policy.
|9 49093
|
| 650 |
|
0 |
|a Economics
|x History.
|9 49094
|
| 650 |
|
0 |
|a Economists
|v Biography.
|9 49095
|
| 852 |
|
|
|a Ayesha Abed Library
|c Akbar Ali Khan Collection
|
| 942 |
|
|
|2 ddc
|c BK
|
| 952 |
|
|
|0 0
|1 0
|2 ddc
|4 0
|6 330_000000000000000_COA
|7 1
|9 70845
|a BRACUL
|b BRACUL
|c AAKC
|d 2022-06-07
|e Donated by Akbar Ali Khan
|l 0
|o 330 COA
|p 3010038842
|r 2022-06-07
|t 1
|w 2022-06-07
|y BK
|